000 00230nam a2200097Ia 4500
008 230907s9999||||xx |||||||||||||| ||und||
082 _a620.103
_bHIB
245 0 _aMechanics For Engineers:
260 _aPearson,
_c2013
942 _cBK
999 _c599074
_d599074